000 00800nam a2200265Ia 4500
003 OSt
005 20221006153341.0
006 a|||||r|||| 00| 0
007 ta
008 221006b |||||||| |||| 00| 0 jpn d
020 _a9784140052051
_c¥700
024 _a32,084
037 _bGift, Mr. Takatsugu Hayashi
_cTextual
040 _aEASL
_cEASL
_bjpn
041 _2jpn
_ajpn
082 _aO42,4, N5
100 _aAKITAKEN FUTATSUIMACHI Ed.
_9663524
245 0 _aNihon ichi kokoro no komotta koibumi = Heartwarming letters of love
260 _aTokyo
_bNihon Hoso Kyokai Shuppan Japan
_c1995
300 _a238p.
_ccm.
490 _v JL
650 _aJL
942 _hO42,4, N5
_cTEXL
_2CC
999 _c1100170
_d1100170